000 00925nam a22002297a 4500
999 _c1815
_d1815
003 AR-CdUCM
008 190228b ||||| |||| 00| 0 spa d
040 _aMUNICIPALIDAD PROVINCIAL DEL CUSCO
_cBIBLIOTECA MUNICIPAL DEL CUSCO
082 _2352.008 /
_aM95
110 _aMunicipalidad del Qosqo
_96414
245 _aMemoria 1990 - 1995 /
260 _aCusco :
_bMunicipal del Qosqo;
_b[Talleres de América Printers],
_c1995.
300 _a254 páginas ;
_b57 fotografías
_c20 cm.
505 _aInforme memoria de la gestión municipal del Dr. Daniel Estrada Pérez -- 1984-1986: amanecer latente -- 1990-1995: por la razón de la historia ...
650 _aGobiernos locales - Cusco
_96665
650 _aMemorias - Municipalidad del Qosqo
_96666
650 _aDaniel Estrada Pérez
_96667
650 _a1990-1995
_96668
700 _aDaniel Estrada Pérez
_96669
942 _2ddc
_cLIBROS
945 _alccs
_d2019-02-28